Quizzes
Events
Quiz Creation
Community
Videos
Private Events
Remove Ads
Sign In
Join for FREE
Feedback
Dark Mode
Quiz Categories
Sports
Geography
Music
Movies
Television
Just For Fun
Miscellaneous
History
Literature
Language
Science
Gaming
Entertainment
Religion
Holiday
For Kids
Quiz Lab
Recent
Popular Today
Quiz Kudos Today
Editor Picks
Curator Picks
Quizzes by...
Day
Popularity
Type
Ratings
Length
Year
Community
Subscriptions
Recent Discussions
Orange Saloon
Badges
Playlists
Quests
Create
Leaderboards
Showdown
Live 5
Trivia Bingo
Activity
Puzzle Library
Sporcle Events
Private Events
Virtual Trivia
Globe League
Become a Host
Pub Owners
SporcleCon
Opinionation
Our Games
Videos
Blog
Mobile Apps
Partnerships
Remove Ads and Go Orange
Feedback
Entertainment
Celebrity
Famous
Musical
Broadway
Show
Quote
Comic Books
Anime
Superhero
DC Comics
Marvel
Cartoons
Animation
Entertainment
Celebrity
Famous
Musical
Broadway
Show
Quote
Comic Books
Anime
Superhero
DC Comics
Marvel
Cartoons
Animation
Random Quiz
Search Sporcle
×
Quiz Lab
Quiz Lab
Entertainment
Kpop
Type in answers that appear in a list
Type in answers that appear in a list
Classic
Best Score? Go Orange.
How many 'Y' idols can you remember? Stats
Name idols start with 'Y'
By
kth050999
10m
51 Questions
801 Plays
801 Plays
801 Plays
Comments
Comments
Give Quiz Kudos
Give Quiz Kudos
-
- Ratings
hide this ad
Replay
Link that replays current quiz
Next Quiz
Link to next quiz in quiz playlist
You Got
0%
They Got
Avg Score
52%
Avg Friend Score
Upgrade to see
Score Distribution
Jump to the score distribution portion of the page
Score
0/51
Timer
10:00
0
Plays Today
Hint
Answer
% Correct
Red Velvet
Yeri
94.1%
GOT7
Youngjae
93.4%
B.A.P
Youngjae
93.4%
GOT7
Yugyeom
92.4%
SNSD
Yoona
87%
SNSD
Yuri
86.1%
GFriend
Yerin
81.1%
NCT
Yuta
81%
Super Junior
Yesung
79.4%
GFriend
Yuju
75.8%
B.A.P
Yongguk
72.9%
DAY6
YoungK
71%
TVXQ
Yunho
70.7%
Girl's Day
Yura
69.8%
AOA
Yuna
69.2%
Highlight
Yoseob
68.9%
iKON
Yunhyeong
64.5%
Pentagon
Yuto
64.3%
CNBlue
Yonghwa
63.9%
Pentagon
Yanan
59.4%
Pentagon
Yeoone
59.2%
JYJ
Yoochun
55.3%
CLC
Yeeun
54.9%
Wonder Girls
Yeeun
54.9%
Weki Meki
Yoojung
54.6%
Boyfriend
Youngmin
52.4%
Hint
Answer
% Correct
Oh My Girl
YooA
51.7%
SF9
Youngbin
47.4%
Golden Child
Y
47.1%
KNK
Youjin
41.8%
CLC
Yujin
40.2%
WJSN
Yeonjung
39.8%
Kara
Youngji
39.8%
Lovelyz
Yein
38.5%
FIESTAR
Yezi
38.3%
UNIQ
Yibo
38.2%
Pristin
Yehana
37.1%
WJSN
Yeoreum
36%
Hello Venus
Yeoreum
36%
Pristin
Yuha
35.7%
Loona
Yves
29.7%
MOMOLAND
Yeonwoo
28.8%
April
Yena
27.5%
UNIQ
Yixuan
26.3%
Dream Catcher
Yoohyeon
22.2%
Loona
Yeojin
22%
Cross Gene
Yongseok
21%
Hello Venus
Yooyoung
20.3%
The Boyz
Younghoon
19.1%
Laboum
Yujeong
16.7%
Romeo
Yunsung
9.6%
Quiz Playlist
Details
Report
Send in Message
Add To Playlist
Classic:
Type in answers that appear in a list
Last Updated: Feb 20, 2018
Quiz Scoreboard
CHALLENGE
Sign Up to Join the Scoreboard
Show All
Scores
Hide
Comments
May contain spoilers
Recently Published
9x9 Crossword: Cartoon Network
by jackfrog10
Miscellaneous
3m
College Basketball Coaching Resumes
by pancakes188
Sports
9m
Billboard Blitz: Fleetwood Mac
by CooCooCachoo
Music
15s
More to Explore
Quiz From the Vault
Featured Blog Post
Where Did the Easter Bunny Come From?
hide this ad
You Might Also Like...
Tags
Kpop Quiz
Kpop Idol
Kpop Quiz
Today's Top Quizzes in Entertainment
Browse Entertainment
hide this ad
Today's Top Quizzes in Kpop
Browse Kpop
Top Contributed Quizzes in Entertainment
1
7-to-1: DC Comics Villains
2
Marvel Characters Bunker
3
Eurovision 2023 Logic Puzzle
4
Dragon Ball Z: Goku's Fights in Order
5
Sorting Pictures: Villains
6
Criteria Quickie: Cartoon Taxonomy II
7
Mini Trivia Sudoku: Musicals
8
Kamen Rider Motifs
9
Fictional Villains Letter U Blitz
10
7-to-1: One Piece
Explore More
Trending Topics
Anime
Marvel
NBA
Crossword
Kpop
Disney
Harry Potter
Puzzle
The Office
Soccer
Pokémon
Song
Country
NFL
WWE
hide this ad
More By:
kth050999
Quiz
Plays
Rating
Category
Featured
Created
Eyes Nose Lip Challenge
3,783
4.88
Entertainment
Feb 7, 2018
Name As Many Korean Actors You Can
3,052
5.00
Entertainment
Feb 27, 2018
Match Kpop groups with their entertainment companies
2,127
4.90
Music
Feb 27, 2018
Guess Kpop Groups By Their 3 Songs
2,085
5.00
Music
Feb 24, 2018
Find The Odd Song Out
1,887
2.88
Music
Feb 26, 2018
Go to Creator's Profile
Score Distribution
Quiz Creator Spotlight
kth050999
Follow
Send a Message
Quizzes Created
-
Created Quiz Play Count
-
More By This Creator
Popular Quizzes Today
1
Find the US States - No Outlines Minefield
2
Find the Countries of Europe - No Outlines Minefield
3
The Countries of the World
4
Find the US States
5
Risky Map Clicking: Biggest States A-Z
6
US States
7
Popular People in 1961
8
Movies - When Are They Set?
More Entertainment Quizzes
F People (fictional)
Quiz Lab
Trending Quizzes
Risky Map Clicking: Least Populous States A-Z
1-10 Letter G Words
1-10 Letter F Words
Risky Map Clicking: Next State Alphabetically
Adjectives in 80s TV Shows
Recently Updated
Leaping Animals
pecheneg
Reality TV Shows (A-Z)
bhenderson79
Rickey Henderson's Hall of Fame Teammates
pecheneg
Champions League XIs: Arsenal
pecheneg
Quick Pick: Celebrities in WWE's Hall of Fame
aduchscher
A-Z Keypad Blitz II
pecheneg
Multiple Oscar Actors
pecheneg
Mystery Phrase Blitz: Oscar 'Best Actors'
pecheneg
F. Scott Fitzgerald Novels
LTH
Pick 3 Villains
ddd62291
Trending Topics
Kpop
Disney
NBA
Crossword
Harry Potter
Anime
Marvel
The Office
Soccer
WWE
Pokémon
Country
NFL
Puzzle
Song
Your Account Isn't Verified!
In order to create a playlist on Sporcle, you need to verify the email address you used during registration. Go to your
Sporcle Settings
to finish the process.
Report this User
Report this user for behavior that violates our
Community Guidelines
.
Details:
Send Report
Go to the Sporcle.com Mobile Site →
Comments